[Event "Lansing op"]
[Site "Lansing"]
[Date "2004.09.03"]
[Round "1"]
[White "Jackson, Don"]
[Black "Homister, Justin"]
[Result "1-0"]
[WhiteElo "1141"]
[BlackElo "456"]
[PlyCount "33"]
[EventDate "2004.09.03"]
[EventType "swiss"]
[EventRounds "7"]
[EventCountry "USA"]
[SourceTitle "EXT 2007"]
[Source "ChessBase"]
[SourceDate "2006.11.23"]
[SourceVersion "1"]
[SourceVersionDate "2006.11.23"]
[SourceQuality "1"]

1. e4 Nc6 2. Nf3 Nf6 3. e5 Nd5 4. c4 Nf4 5. d4 e6 6. Bxf4 Bb4+ 7. Nc3 0-0 8. a3 Bxc3+ 9. bxc3 d6 10. Bd3 dxe5 11. dxe5 Na5 12. 0-0 Bd7 13. Ng5 Qe8 14. Bxh7+ Kh8 15. Bc2 Rd8 16. Qh5+ Kg8 17. Qh7# 1-0

[Event "Kalamazoo op02"]
[Site "Kalamazoo"]
[Date "2000.02.19"]
[Round "2"]
[White "Jackson, Don"]
[Black "Henkel, Scott"]
[Result "1-0"]
[WhiteElo "1116"]
[BlackElo "1365"]
[PlyCount "63"]
[EventDate "2000.02.19"]
[EventType "swiss"]
[EventRounds "3"]
[EventCountry "USA"]
[SourceTitle "EXT 2007"]
[Source "ChessBase"]
[SourceDate "2006.11.23"]
[SourceVersion "1"]
[SourceVersionDate "2006.11.23"]
[SourceQuality "1"]

1. g4 e5 2. Bg2 d5 3. h3 c6 4. c4 dxc4 5. Qa4 Be6 6. Nc3 g6 7. b3 cxb3 8. axb3 Nf6 9. Nf3 Nd5 10. Nxe5 Nxc3 11. dxc3 Bg7 12. Qe4 Nd7 13. Bf4 Nxe5 14. Bxe5 Bxe5 15. Qxe5 0-0 16. c4 Re8 17. Qg3 Qb6 18. 0-0 Qxb3 19. Qxb3 b5 20. Bxc6 Bxc4 21. Qb4 a5 22. Rxa5 Rxa5 23. Qxa5 Rxe2 24. Bxb5 Re4 25. Bxc4 Rxc4 26. Re1 Rc8 27. Qa4 Rd8 28. Re8+ Rxe8 29. Qxe8+ Kg7 30. f4 h6 31. h4 Kf6 32. Qe5# 1-0